| 000 | 01199nam a2200265 a 4500 | ||
|---|---|---|---|
| 001 | 34415 | ||
| 003 | BD-RjUL | ||
| 005 | 20211209052145.0 | ||
| 008 | 140517s2012 bg a|||| m||| 00| e eng d | ||
| 035 | _a(BD-RjUL)34509 | ||
| 040 |
_aBD-RjUL _beng _cBD-RjUL _dBD-RjUL |
||
| 041 | _aeng | ||
| 082 |
_221 _a306.3490954924 _bRAP 2012 |
||
| 100 |
_aRahman, Mohammad Sadikur _9106906 |
||
| 245 |
_aThe Pattern of Agrarian structure in rural Bangladesh: _ban ethnographic study of a village in Rajshahi district / _c Mohammad Sadikur Rahman. _6Supervisor: Mohammad Nasser. |
||
| 260 |
_aRajshahi : _bInstitute of Bangladesh Studies, R. U. , _c2012. |
||
| 300 |
_axiv, 185 Leaves : _bIll. ; _c30 cm. |
||
| 502 | _aThesis (Ph. D.)--Institute of Bangladesh Studies, R. U., 2012. | ||
| 504 | _aBibliography : leaves [167]-174. | ||
| 650 |
_aSocial structure _zBangladesh _zRajshahi District _zChabbish Nagar. _9244085 |
||
| 650 |
_aAgriculture _xSocial aspects _zBangladesh _zRajshahi District _zChabbish Nagar _9244086 |
||
| 651 |
_aBangladesh- _zRajshahi District . _zChabbish Nagar _xRural conditions _xCase studies. _9244087 |
||
| 700 |
_aNasser, Mohammad, Supervisor _9104478 |
||
| 942 |
_2ddc _cTHE |
||
| 999 |
_c34415 _d34415 |
||